Trattato teorico-pratico di economia politica / (Record no. 157574)

MARC details
000 -LEADER
campo de control de longitud fija 01429nam a2200265 i 4500
001 - NÚMERO DE CONTROL
campo de control 157574
003 - IDENTIFICADOR DE NÚMERO DE CONTROL
campo de control ES-MaACL
005 - FECHA Y HORA DE LA ÚLTIMA TRANSACCIÓN
campo de control 20250721062637.0
008 - DATOS DE LONGITUD FIJA--INFORMACIÓN GENERAL
campo de control de longitud fija 021011m18971905it |||| | ita d
040 ## - FUENTE DE CATALOGACIÓN
Centro catalogador/agencia de origen CCPB | B
Lengua de catalogación spa
Centro/agencia transcriptor CCPB | B
100 1# - ENTRADA PRINCIPAL--NOMBRE DE PERSONA
Nombre de persona Leroy-Beaulieu, Paul,
Fechas asociadas al nombre 1843-1916
9 (RLIN) 71810
245 10 - MENCIÓN DEL TÍTULO
Título Trattato teorico-pratico di economia politica /
Mención de responsabilidad, etc. di Paolo Leroy-Beaulieu ; traduzione dell'Avv. Ludovico Eusebio [e] degli avvocati Luigi Einaudi e Raffaele Cognetti. Principii di economica / di Alfredo Marshall ; prima versione italiana ... sulla quarta edizione inglese a cura degli avvocati A. Albertini e L. Eusebio ... ; prefazione ai volumi IX e X della Biblioteca dell'economista - IV serie di Pasquale Jannaccone.
260 ## - PUBLICACIÓN, DISTRIBUCIÓN, ETC.
Lugar de publicación, distribución, etc. Torino :
Nombre del editor, distribuidor, etc. Unione Tipografico-Editrice Torinese,
Fecha de publicación, distribución, etc. 1897-1905.
300 ## - DESCRIPCIÓN FÍSICA
Extensión 3 v. (994 ; 1074 ; 789, 86 p.) ;
Dimensiones 24 cm.
490 1# - MENCIÓN DE SERIE
Mención de serie Biblioteca dell'economista : scelta collezione delle più importanti produzioni di economia politica antiche e moderne, italiane e straniere. Quarta serie ;
Designación de volumen o secuencia 9
650 #7 - PUNTO DE ACCESO ADICIONAL DE MATERIA--TÉRMINO DE MATERIA
Término de materia o nombre geográfico como elemento de entrada Economía
Fuente del encabezamiento o término embne
9 (RLIN) 12006
650 #4 - PUNTO DE ACCESO ADICIONAL DE MATERIA--TÉRMINO DE MATERIA
Término de materia o nombre geográfico como elemento de entrada Política económica.
9 (RLIN) 16293
700 1# - ENTRADA AGREGADA--NOMBRE PERSONAL
Nombre de persona Eusebio, Ludovico.
9 (RLIN) 126986
700 1# - ENTRADA AGREGADA--NOMBRE PERSONAL
Nombre de persona Einaudi, Luigi.
9 (RLIN) 126921
700 0# - ENTRADA AGREGADA--NOMBRE PERSONAL
Nombre de persona Cognetti de Martiis, L.
9 (RLIN) 39477
700 1# - ENTRADA AGREGADA--NOMBRE PERSONAL
Nombre de persona Albertini, A.
9 (RLIN) 125580
830 00 - PUNTO DE ACCESO ADICIONAL DE SERIE-TÍTULO UNIFORME
Título uniforme Biblioteca dell economista
Designación de volumen o secuencia 9
9 (RLIN) 188577
852 ## - LOCALIZACIÓN
Ubicación ES-MaACL
Número de control de estantería B-8998-9000
Nota libre - Enc. hol.
Holdings
Estatus retirado Estado de pérdida Estado de daño No para préstamo Colección Biblioteca de origen Biblioteca actual Ubicación en estantería Fecha de adquisición Fuente de adquisición Total de préstamos Signatura topográfica completa Código de barras Visto por última vez Precio de reemplazo Tipo de ítem Koha
        Libros del s. XIX Biblioteca del Ateneo de Madrid Biblioteca del Ateneo de Madrid Sala Pardo Bazán 17/01/2008     B-8998-9000 1164895 23/02/2023 23/02/2023 Libro impreso antiguo